8 Ländernamen in 8 asiatischen Sprachen - Statistiken

Allgemein
  • Dieses Quiz wurde 13 mal gespielt
  • Das Durchschnittsergebnis liegt bei 17 aus 64
Antwortstatistiken
Sprache Country % Korrekt
Tagalog Israel
62%
Vietnamesisch Israel
62%
Kurdisch Îsraêl
62%
Malaiisch Israel
62%
Ladino Israel
62%
Tagalog Indonesia
54%
Vietnamesisch Indonesia
54%
Malaiisch Indonesia
54%
Ladino Indonesia
54%
Türkisch Katar
54%
Ladino Katar
54%
Kurdisch Japon
46%
Ladino Japon
46%
Tagalog Qatar
46%
Vietnamesisch Qatar
46%
Malaiisch Qatar
46%
Südliches Min Qatar
46%
Malaiisch Georgia
38%
Vietnamesisch Gruzia
38%
Tagalog Heyorhiya
38%
Türkisch İsrail
38%
Aserbaidschanisch İsrail
38%
Malaiisch Rusia
38%
Ladino Rusia
38%
Türkisch Çin
31%
Kurdisch Çîn
31%
Aserbaidschanisch Çin
31%
Tagalog Kasakistan
31%
Vietnamesisch Kazakhstan
31%
Malaiisch Kazakhstan
31%
Südliches Min Kazakhstan
31%
Tagalog Rusya
31%
Türkisch Rusya
31%
Kurdisch Rûsya
31%
Türkisch Gürcistan
23%
Kurdisch Gurcistan
23%
Türkisch Japonya
23%
Türkisch Kazakistan
23%
Ladino Kazakistan
23%
Ladino Kina
23%
Türkisch Endonezya
15%
Kurdisch Qeter
15%
Aserbaidschanisch Qətər
15%
Malaiisch Jepang
8%
Kurdisch Qazaxistan
8%
Aserbaidschanisch Qazaxıstan
8%
Malaiisch Tiongkok
8%
Südliches Min Tiong-kok
8%
Südliches Min Gruzia
0%
Aserbaidschanisch Gürcüstan
0%
Tagalog Hapon
0%
Aserbaidschanisch İndoneziya
0%
Kurdisch Îndonezya
0%
Südliches Min Ìn-nî
0%
Südliches Min Í-sek-lia̍t
0%
Ladino Jeorjia
0%
Südliches Min Ji̍t-pún
0%
Südliches Min Lō͘-se-a
0%
Vietnamesisch Nga
0%
Vietnamesisch Nhật Bản
0%
Aserbaidschanisch Rusiya
0%
Vietnamesisch Trung Quốc
0%
Tagalog Tsina
0%
Aserbaidschanisch Yaponiya
0%
Keine übereinstimmenden Quizze gefunden
Verteilung der Resultate
Anzahl Personen mit jedem Resultat
Perzentil nach korrekt beantworteten Fragen
Ihre Resultats-Entwicklung
Sie haben dieses Quiz noch nicht gespielt